000 00739nam a2200253 i 4500
001 10183
003 ES-MaACL
005 20240519063020.0
007 t|
008 950315s1993 sp ||||1| spa d
020 _a84-87101-86-0
080 _a86-1"19"
080 _a86(Jover,J.L.2.A.01)
100 0 _aJover, José Luis,
_d1946-
_967060
245 1 0 _aA esta baraja le faltan corazones /
_cJosé Luis Jover.
250 _a[1ª ed.].
260 _aValencia :
_bPre-Textos,
_c1993.
300 _a78 p. ;
_c19 cm.
490 1 _aPoesía (Editorial Pre-Textos) ;
_v173
830 0 0 _aPoesía (Editorial Pre-Textos) ;
_v173
_9236462
852 _aES-MaACL
_jL-17716
_bR.123256
942 _2udc
999 _c10183
_d10183